Media Law (Record no. 9592)

MARC details
000 -LEADER
fixed length control field 00402nam a22001697a 4500
005 - DATE AND TIME OF LATEST TRANSACTION
control field 20260402131940.0
008 - FIXED-LENGTH DATA ELEMENTS--GENERAL INFORMATION
fixed length control field 260402b |||||||| |||| 00| 0 eng d
020 ## - INTERNATIONAL STANDARD BOOK NUMBER
International Standard Book Number 9789382676553
041 ## - LANGUAGE CODE
Language English
082 ## - DEWEY DECIMAL CLASSIFICATION NUMBER
Classification number 343.099 NAN
100 ## - MAIN ENTRY--PERSONAL NAME
Main Author Name Nanda, S.K.
245 ## - TITLE STATEMENT
Title Media Law
260 ## - PUBLICATION, DISTRIBUTION, ETC.
Place of publication Allahabad :
publisher Name Central Law Publication,
Date of publication 2013.
300 ## - PHYSICAL DESCRIPTION
Number Of Page 372 p
650 ## - SUBJECT ADDED ENTRY--TOPICAL TERM
Subject Media Law
942 ## - ADDED ENTRY ELEMENTS (KOHA)
Koha item type Donated Book
Holdings
Lost status Source of classification or shelving scheme Not for loan Home library Current library Date last seen Koha item type School Total Checkouts Full call number Barcode Copy number Price effective from Withdrawn status Date acquired Source of acquisition
  Dewey Decimal Classification   BSOL BSOL 02/04/2026 Donated Book School of Law   343.099 NAN G740 1 02/04/2026   02/04/2026 prithivi Raj

Maintained and Designed by
2cqr automation private limited, Chennai. All Rights Reserved.

You are Visitor Number

PHP Hits Count